Measure Theory
Αποθηκεύτηκε σε:
| Κύριος συγγραφέας: | |
|---|---|
| Μορφή: | Βιβλίο |
| Γλώσσα: | English |
| Δημοσίευση: |
New York :
Springer-Verlag,
c1994
|
| Σειρά: | Graduate texts in mathematics ;
; 143 |
| Θέματα: | |
| Ετικέτες: |
Προσθήκη ετικέτας
Δεν υπάρχουν, Καταχωρήστε ετικέτα πρώτοι!
|
MARC
| LEADER | 00000nam a2200000 i 4500 | ||
|---|---|---|---|
| 001 | 1/46613 | ||
| 008 | 950718s1994 eng d | ||
| 020 | |a 0-387-94055-3 | ||
| 035 | |1 ΕΛΗ |a 1995 |c ΧΑΡΑΛΑΜΠΟΥΣ |l 10042844 | ||
| 040 | |a GR-MY-UA |b gre |e aacr | ||
| 041 | 0 | |a eng | |
| 082 | 0 | |a 515.42 | |
| 100 | 1 | |a Doob, Joseph L. | |
| 245 | 1 | 0 | |a Measure Theory / |c J.L. Doob |
| 260 | |a New York : |b Springer-Verlag, |c c1994 | ||
| 300 | |a 210 p.; |c 23 cm. | ||
| 490 | 1 | |a Graduate texts in mathematics |v ; 143 | |
| 500 | |a Includes bibliographical references and index | ||
| 650 | 0 | 0 | |a Measure theory. |
| 650 | 0 | 0 | |a Probabilities. |
| 830 | 0 | |a Graduate texts in mathematics ; |v ; 143 | |
| 852 | |a INST |b SAMOS |e 19950718 |h 515.42 DOO |p 005300009882 |q 005300009882 |t BK |y 0 | ||
| 852 | |a INST |b SAMOS |e 20000612 |h 515.42 DOO |p 005300011261 |q 005300011261 |t BK |y 0 | ||
| 852 | |a INST |b SAMOS |e 20000612 |h 515.42 DOO |p 005300011262 |q 005300011262 |t BK |y 0 | ||
| 852 | |a INST |b SAMOS |e 20000612 |h 515.42 DOO |p 005300011263 |q 005300011263 |t BK |y 23 | ||
| 901 | |a BIBL-1998-2 | ||
| 909 | |a Σ |b 044834 | ||
| 909 | |a Σ |b 056907 | ||
| 909 | |a Σ |b 056908 | ||
| 909 | |a Σ |b 056909 | ||
| 922 | |a 3ΕΛΗ |b 199805 |c ΚΠΣ |d ΠΑΠΑΣΩΤΗΡΙΟΥ | ||